• 首页
  • 本馆介绍
  • 公告通知
  • 最新文献
  • 馆藏检索
  • 电子资源
  • 读者导购
  • 参考咨询
  • 我的图书馆
  • 登录
  • 详细信息显示
  • 放入我的书架
  • 预约/预借图书
  • 作者相关作品
  • 分类相关作品
  • 丛书相关作品
  • 出版社相关作品

书目信息

  • 表格格式
  • 工作单格式
  • 卡片格式
题名:
紫苏研究与产品开发
    
 
作者: 张志军 著
分册:  
出版信息: 北京   化学工业出版社  2011.10
页数: 156页
开本: 24cm
丛书名:
单 册:
中图分类: S636.9
科图分类:
主题词: 紫苏--研究 , 紫苏
电子资源:
ISBN: 978-7-122-12257-5
000 00852nam0 2200241 45
001 1355430843
005 20130513150040.70
010    @a978-7-122-12257-5@dCNY38.00
100    @a20130108d2011 em y0chiy50 ea
101 0  @achi
102    @aCN@b110000
105    @aafk z 000yy
106    @ar
200 1  @a紫苏研究与产品开发@AZi Su Yan Jiu Yu Chan Pin Kai Fa@f张志军著@FZhang Zhi Jun Zhu
210    @a北京@c化学工业出版社@d2011.10
215    @a156页@c图,图版(2页)@d24cm
330    @a本书内容共七章,分别从紫苏概述、耐盐品种筛选、营养成分测定、有效成分提取、再生体系建立、细胞悬浮培养和功能产品研究与开发等方面较系统和深入地介绍了紫苏研究与产品开发技术和研究方法。
606 0  @a紫苏@x研究
606 0  @a紫苏
690    @aS636.9@v5
701  0 @a张志军@AZhang Zhi Jun@4著
801    @aCN@bTANGWEI@c20130111
905    @b0831319-21@dS636.9@e241@f3
    
    紫苏研究与产品开发/张志军著.-北京:化学工业出版社,2011.10
    156页:图,图版(2页);24cm
    
    
    ISBN 978-7-122-12257-5:CNY38.00
    本书内容共七章,分别从紫苏概述、耐盐品种筛选、营养成分测定、有效成分提取、再生体系建立、细胞悬浮培养和功能产品研究与开发等方面较系统和深入地介绍了紫苏研究与产品开发技术和研究方法。
●
相关链接 在E读中查询图书 在五车中查询图书 在当当中查询图书 在豆瓣中查询图书


正题名:紫苏研究与产品开发     索取号:S636.9/241         预约/预借

序号 登录号 条形码 馆藏地/架位号 状态 备注
1 0831319   208313190   第二样本阅览室/ [索取号:S636.9/241] 在馆    
2 0831320   208313207   第三借阅区/ [索取号:S636.9/241] 在馆    
3 0831321   208313216   第三借阅区/ [索取号:S636.9/241] 在馆    
唐山师范学院图书馆 欢迎您!
大连网信软件有限公司© 版权所有